[Event "Stuttgart-chB op"]
[Site "Ditzingen"]
[Date "2015.05.16"]
[Round "5"]
[White "Pocrnic, Josip"]
[Black "Sax, Leon"]
[Result "0-1"]
[WhiteElo "1782"]
[BlackElo "1509"]
[PlyCount "84"]
[EventDate "2015.05.17"]
[EventType "swiss"]
[EventRounds "7"]
[EventCountry "GER"]
[SourceTitle "EXT 2018"]
[Source "ChessBase"]
[SourceDate "2017.10.13"]
[SourceVersion "1"]
[SourceVersionDate "2017.10.13"]
[SourceQuality "1"]

1. e4 e6 2. d4 d5 3. Nd2 Nf6 4. e5 Nfd7 5. Bd3 c5 6. c3 Nc6 7. Ne2 a6 8. 0-0 Be7 9. Kh1 0-0 10. f4 f5 11. Nf3 c4 12. Bc2 b5 13. a3 Nb6 14. Bd2 Bd7 15. Rg1 Be8 16. Ng3 Bh4 17. Nf1 Bf2 18. Ng5 Qe7 19. Ng3 Bxg1 20. Kxg1 h6 21. Nf3 Bf7 22. h4 Rfb8 23. Qe1 a5 24. Bxf5 exf5 25. Nxf5 Qf8 26. Qg3 Kh8 27. Nd6 Nc8 28. Nxc8 Qxc8 29. Kf2 Ne7 30. Ng5 hxg5 31. hxg5 Kg8 32. Qf3 Kf8 33. g4 Bg6 34. Qh3 Kf7 35. Kg3 Qh8 36. Qf1 Bd3 37. Qf3 Be4 38. e6+ Kxe6 39. f5+ Kd7 40. Qf4 Qh7 41. g6 Nxg6 42. fxg6 Qxg6 0-1

[Event "Stuttgart-chB op"]
[Site "Ditzingen"]
[Date "2015.05.15"]
[Round "4"]
[White "Sax, Leon"]
[Black "Strauss, Martin"]
[Result "1/2-1/2"]
[WhiteElo "1509"]
[BlackElo "1758"]
[PlyCount "33"]
[EventDate "2015.05.17"]
[EventType "swiss"]
[EventRounds "7"]
[EventCountry "GER"]
[SourceTitle "EXT 2018"]
[Source "ChessBase"]
[SourceDate "2017.10.13"]
[SourceVersion "1"]
[SourceVersionDate "2017.10.13"]
[SourceQuality "1"]

1. e4 c5 2. Nf3 Nc6 3. c3 d5 4. e5 Bg4 5. d4 e6 6. Be2 Qb6 7. Nbd2 cxd4 8. cxd4 Bb4 9. 0-0 Nge7 10. Nb3 Bxf3 11. Bxf3 Nf5 12. Be3 0-0 13. Rc1 Rac8 14. Qd3 Nce7 15. Bg5 Nc6 16. Be3 Nce7 17. Bg5 1/2-1/2

[Event "Stuttgart-chB int"]
[Site "Ditzingen"]
[Date "2014.05.30"]
[Round "5"]
[White "Bauer, Dieter"]
[Black "Sax, Leon"]
[Result "1-0"]
[WhiteElo "1733"]
[BlackElo "1475"]
[PlyCount "91"]
[EventDate "2014.05.29"]
[EventType "swiss"]
[EventRounds "7"]
[EventCountry "GER"]
[SourceTitle "EXT 2015"]
[Source "ChessBase"]
[SourceDate "2014.11.20"]
[SourceVersion "1"]
[SourceVersionDate "2014.11.20"]
[SourceQuality "1"]

1. d4 d5 2. e3 e6 3. Bd3 Nf6 4. Nd2 c5 5. c3 Nc6 6. f4 Bd7 7. Ngf3 Rc8 8. 0-0 Qb6 9. Qe2 cxd4 10. exd4 Bd6 11. g3 0-0 12. Kg2 Qc7 13. Ne5 g6 14. Ndf3 Bxe5 15. fxe5 Nh5 16. Bh6 Ng7 17. Rae1 Rfe8 18. Qf2 Nf5 19. Bg5 h6 20. Bc1 Kh7 21. Qd2 Rh8 22. g4 Ng7 23. Qxh6+ Kg8 24. Qf4 Be8 25. Qg3 Qd7 26. Bg5 Nd8 27. Bc1 Qa4 28. a3 Bb5 29. Bxb5 Qxb5 30. Ng5 Rc7 31. Qf3 Qb6 32. Re2 Qb5 33. Ref2 Qe8 34. Qg3 Qc6 35. Qd3 Qe8 36. Qf3 a6 37. Bf4 b5 38. Qd3 Qe7 39. Bc1 Qe8 40. Qg3 Re7 41. Nf3 Rc7 42. Bg5 Nc6 43. Bf6 Qd7 44. Ng5 Qe8 45. Qf3 Nf5 46. gxf5 1-0

[Event "Stuttgart-chB int"]
[Site "Ditzingen"]
[Date "2014.05.29"]
[Round "3"]
[White "Goda, Frederic"]
[Black "Sax, Leon"]
[Result "0-1"]
[WhiteElo "1718"]
[BlackElo "1475"]
[PlyCount "54"]
[EventDate "2014.05.29"]
[EventType "swiss"]
[EventRounds "7"]
[EventCountry "GER"]
[SourceTitle "EXT 2015"]
[Source "ChessBase"]
[SourceDate "2014.11.20"]
[SourceVersion "1"]
[SourceVersionDate "2014.11.20"]
[SourceQuality "1"]

1. d4 d5 2. Nf3 Nf6 3. c4 e6 4. Nc3 c6 5. Bg5 Nbd7 6. e3 Be7 7. Bd3 dxc4 8. Bxc4 b5 9. Bd3 a6 10. 0-0 c5 11. Ne5 Bb7 12. Rc1 Nxe5 13. dxe5 Nd7 14. Bxe7 Qxe7 15. f4 Rd8 16. Qe2 c4 17. Be4 Nc5 18. Bxb7 Qxb7 19. Qg4 0-0 20. Ne2 Rd2 21. Rf3 Rfd8 22. Nd4 Qe4 23. Qg5 R8xd4 24. exd4 Qxd4+ 25. Kf1 Rd1+ 26. Rxd1 Qxd1+ 27. Kf2 Ne4+ 0-1

[Event "Stuttgart-chB int"]
[Site "Ditzingen"]
[Date "2014.05.29"]
[Round "1"]
[White "Triantafillidis, Zoe"]
[Black "Sax, Leon"]
[Result "1-0"]
[WhiteElo "1721"]
[BlackElo "1475"]
[PlyCount "51"]
[EventDate "2014.05.29"]
[EventType "swiss"]
[EventRounds "7"]
[EventCountry "GER"]
[SourceTitle "EXT 2015"]
[Source "ChessBase"]
[SourceDate "2014.11.20"]
[SourceVersion "1"]
[SourceVersionDate "2014.11.20"]
[SourceQuality "1"]

1. e4 e6 2. d4 d5 3. exd5 exd5 4. Nc3 Nc6 5. Nf3 Bg4 6. Be2 Bd6 7. 0-0 Nge7 8. Be3 a6 9. Qd2 Qd7 10. Rfe1 f6 11. Bf4 0-0-0 12. Na4 g5 13. Bxd6 Qxd6 14. Nxg5 f5 15. Bxg4 Qg6 16. Bh3 Rhg8 17. Nf3 Qh5 18. Kh1 Rd6 19. Qf4 Rh6 20. Nc5 Kb8 21. Re6 Rhg6 22. Rxg6 Nxg6 23. Qxf5 Qh6 24. Qf7 Nce7 25. Qe6 Qh5 26. Nd7+ 1-0

[Event "Stuttgart-chC int"]
[Site "Ditzingen"]
[Date "2013.05.12"]
[Round "7"]
[White "Stecher, Oliver"]
[Black "Sax, Leon"]
[Result "1/2-1/2"]
[WhiteElo "1146"]
[BlackElo "1268"]
[PlyCount "21"]
[EventDate "2013.05.09"]
[EventType "swiss"]
[EventRounds "7"]
[EventCountry "GER"]
[SourceTitle "EXT 2014"]
[Source "ChessBase"]
[SourceDate "2013.11.20"]
[SourceVersion "1"]
[SourceVersionDate "2013.11.20"]
[SourceQuality "1"]

1. e4 e6 2. Nf3 d5 3. exd5 exd5 4. d4 Bd6 5. Nc3 Ne7 6. Bd3 Bg4 7. Qe2 Nbc6 8. Be3 Nb4 9. 0-0-0 Nxd3+ 10. Rxd3 c6 11. h3 1/2-1/2